Boilermakers Foundation Course: Blueprint Abbreviations #1 - Statistics

General Stats
  • This quiz has been taken 40 times
    39 since last reset
  • The average score is 82 of 119
Answer Stats
Abbreviation Answer % Correct
DIAG Diagonal
100%
DIM Dimension
100%
HVY Heavy
100%
MAX Maximum
100%
MIN Minimum
100%
MISC Miscellaneous
100%
NOM Nominal
100%
OD Outside Diameter
100%
PSI Pounds per Square Inch
100%
PROJ Project or Projection
100%
VERT Vertical
100%
ABT About
83%
AUX Auxillary
83%
AVG Average
83%
BC Bolt Circle
83%
Btm Bottom
83%
CONN Connection
83%
CuFt Cubic Feet
83%
CYL Cylinder
83%
DIA Diameter
83%
XXH Double Extra Heavy
83%
XXS Double Extra Strong
83%
EL orELEV Elevation
83%
E to E End to End or Edge to Edge
83%
XH Extra Heavy
83%
XS Extra Strong
83%
F/F Face to Face
83%
Galv Galvanized
83%
ID Inside Diameter
83%
O/C On Center
83%
R orRAD Radius
83%
REF Reference
83%
REQ'D Required
83%
RD Running Dimension or Round
83%
SCH Schedule
83%
SEC Section
83%
SPECS Specifications
83%
SQ Square
83%
SYM Symmetrical
83%
THK Thick
83%
TOL Tolerance
83%
TYP Typical
83%
U/N Unless Noted
83%
AISI American Iron and Steel Institute
67%
BB orB/B Back to Back
67%
BL Baseline or Bend Line
67%
BP Base Plate
67%
BBE Bevel Both Ends
67%
BOE Bevel One End
67%
BLD Blind
67%
B/P Blueprint
67%
BCD Bolt Circle Diameter
67%
CSA Canadian Standards Association
67%
COL Column
67%
CPLG Coupling
67%
DWG Drawing
67%
EA Each
67%
EXP Expansion
67%
FW Fillet Weld
67%
FLG Flange
67%
Ga Gauge
67%
HD Head
67%
HSS Hollow Structural Steel or High Speed Steel
67%
IN Inches
67%
INCL Include or Inclusive
67%
INSP Inspection
67%
INT Internal
67%
ISO International Standards Organization
67%
LH Left Hand
67%
LOA Length Overall
67%
LG Long
67%
MAT'L Material
67%
MS Mild Steel
67%
NPT National Pipe Thread
67%
NO Number
67%
OR Outside Radius
67%
PCS Pieces
67%
S/S Seam to Seam
67%
STD Standard
67%
TBE Threaded Both Ends
67%
THD Threaded or Thread
67%
WT Weight
67%
W Wide Flange
67%
ANSI American National Standards Institute
50%
API American Petroleum Institute
50%
ASTM American Society for Testing Materials
50%
ASME American Society of Mechanical Engineers
50%
BM Beam Mark or Bench Mark
50%
B/M Bill of Material
50%
BE Both Ends
50%
CWB Canadian Welding Bureau
50%
CS Carbon Steel
50%
C/C Center to Center
50%
CSK Countersink
50%
FS Far Side
50%
HLS Holes
50%
MW Man Way
50%
NC National Coarse
50%
NF National Fine
50%
NPS Nominal Pipe Size
50%
NTS Not to Scale
50%
OPP Opposite
50%
OA Overall
50%
PBE Plain Both Ends
50%
RF Raised Face
50%
RP Reference Point
50%
REPAD Reinforcing Pad
50%
REV Revision
50%
RH Right Hand
50%
SM Seam
50%
SMLS Seamless
50%
SS Stainless Steel or Shop Stock
50%
TOE Thread One End
50%
T Top
50%
T & B Top and Bottom
50%
TOS Top of Steel
50%
TS Tube Sheet
50%
WD Working Drawing
50%
WP Working Point
50%
No matching quizzes found
Score Distribution
Percent of People with Each Score
Percentile by Number Answered
Your Score History
You have not taken this quiz since the last reset